书目信息 |
| 题名: |
西方绘画大师经典作品
|
|
| 作者: | 杨参军 主编 ;黄箫 编著 | |
| 分册: | 威尔汉姆·哈莫修依 | |
| 出版信息: | 济南 山东美术出版社 2010.07 |
|
| 页数: | 88页 | |
| 开本: | 31cm | |
| 丛书名: | ||
| 单 册: | ||
| 中图分类: | J231 , J233(534) | |
| 科图分类: | ||
| 主题词: | 绘画--作品集--世界 , 油画--作品集--丹麦--近代 , 绘画 , 油画 | |
| 电子资源: | ||
| ISBN: | 978-7-5330-3078-0 | |
| 000 | 00941nam0 2200289 45 | |
| 001 | 1138425438 | |
| 005 | 20110419103657.12 | |
| 010 | @a978-7-5330-3078-0@dCNY58.00 | |
| 100 | @a20110409d2010 em y0chiy0120 ea | |
| 101 | 0 | @achi |
| 102 | @aCN@b370000 | |
| 105 | @aa z 000yy | |
| 106 | @ar | |
| 200 | 1 | @a西方绘画大师经典作品@AXi Fang Hui Hua Da Shi Jing Dian Zuo Pin@i威尔汉姆·哈莫修依@IWei Er Han Mu· Ha Mo Xiu Yi@f杨参军主编@FYang Can Jun Zhu Bian@g黄箫编著 |
| 210 | @a济南@c山东美术出版社@d2010.07 | |
| 215 | @a88页@c照片@d31cm | |
| 330 | @a本书主要讲述了各美术馆的优秀绘画作品,形象生动。 | |
| 606 | 0 | @a绘画@x作品集@y世界 |
| 606 | 0 | @a油画@x作品集@y丹麦@z近代 |
| 606 | 0 | @a绘画 |
| 606 | 0 | @a油画 |
| 690 | @aJ231@v4 | |
| 690 | @aJ233(534)@v4 | |
| 701 | 0 | @a杨参军@AYang Can Jun@f(1958~)@4主编 |
| 702 | 0 | @a黄箫@AHuang Xiao@c(女,@f1982~)@4编著 |
| 801 | @aCN@bTANGWEI@c20110419 | |
| 905 | @b0535556@dJ231@e85@f1 | |
| 西方绘画大师经典作品.威尔汉姆·哈莫修依/杨参军主编/黄箫编著.-济南:山东美术出版社,2010.07 |
| 88页:照片;31cm |
| ISBN 978-7-5330-3078-0:CNY58.00 |
| 本书主要讲述了各美术馆的优秀绘画作品,形象生动。 |
| ● |
| 相关链接 |
|
|
|
|
正题名:西方绘画大师经典作品
索取号:J231/85
 
预约/预借
| 序号 | 登录号 | 条形码 | 馆藏地/架位号 | 状态 | 备注 |
| 1 | 0535556 | 205355569 | 第一样本阅览室/ [索取号:J231/85] | 在馆 |